000 00280nam a2200121Ia 4500
100 _aStout/David F/ Kaufman
942 _cBK
654 _ahandbook
245 _aHandbook of Operational amplifier
260 _bMcGraw Hill
_c1976
082 _a621.3815
_bSTO/KA
546 _aENGLISH
999 _c35452
_d35452